[Event "Israel Championship 2021"]
[Site "Haifa"]
[Date "2021.03.15"]
[Round "9.13"]
[White "Gruenfeld, Yehuda"]
[Black "Shohat, Yotam"]
[Result "1-0"]
[WhiteElo "2412"]
[BlackElo "2371"]
[Annotator "TA"]
[PlyCount "145"]
[EventDate "2021.01.10"]
[EventType "swiss"]
[EventCountry "ISR"]
[SourceTitle "playchess.com"]
[Source "ChessBase"]
[SourceQuality "1"]

{[%evp 9,145,10,29,23,34,33,33,25,33,37,41,0,0,0,0,0,2,-27,0,-6,0,0,0,0,13,10,12,10,12,11,19,24,27,4,2,6,7,7,22,0,0,1,8,8,28,28,24,23,39,39,43,37,40,36,42,30,32,31,43,40,41,31,51,51,54,52,58,56,75,68,74,56,68,68,68,61,57,50,60,60,61,60,60,50,60,60,60,60,60,60,78,69,70,50,78,79,115,110,177,159,149,142,573,565,557,541,527,547,541,535,737,513,994,699,938,977,1049,960,2522,2481,2482,1919,29971,2228,2068,1896,5189,3310,29981,29982,29991,29992,29992,29991,29991,29991,29996,29997]} 1. e4 c5 2. Nf3 d6 3. Bb5+ Nc6 4. c3 Nf6 5. Qe2 Bd7 6. O-O {B51: Sicilian: Moscow Variation (3 Bb5+) without 3...Bd7.} a6 7. Ba4 b5 8. Bc2 {White is slightly better.} e5 9. Rd1 Be7 10. d3 O-O 11. Nbd2 {[%cal Bb1d2,Bd2f1,Bf1g3][%mdl 32]} Re8 12. Nf1 {[#]} Bf8 $146 ({Predecessor:} 12... b4 13. Ne3 Bf8 14. Nd5 Nxd5 15. exd5 Ne7 16. d4 exd4 17. cxd4 Ng6 18. Qd3 Rc8 {0-1 (35) Dizon,R-Morris,G IECG email 1995}) 13. Ng3 g6 14. h3 Bg7 15. Bg5 h6 16. Be3 Qe7 17. Qd2 Qf8 18. d4 exd4 19. cxd4 cxd4 20. Nxd4 Rac8 21. Nxc6 (21. Nf3 {is interesting.} Be6 22. Qxd6 Nb4 23. Qxf8+ Bxf8 24. Bb1) 21... Bxc6 22. Qxd6 Qxd6 23. Rxd6 Nxe4 24. Rxc6 Nxg3 25. Rxc8 Rxc8 26. Bd3 Nf5 (26... Bxb2 {feels hotter.} 27. Rb1 Rd8 28. Bxb5 axb5 29. fxg3 Bg7) 27. Rc1 Rxc1+ 28. Bxc1 $11 {[%mdl 4096] Endgame KBB-KBN} Nd6 29. b3 Kf8 30. g4 Ke7 31. Kf1 Ke6 32. Ke2 Kd5 33. f3 g5 34. Bd2 Be5 35. Bh7 Kc5 36. Kd3 Kd5 37. Be1 Kc5 38. h4 Kd5 39. h5 Kc5 40. Kc2 Kd4 41. Bf2+ Kd5 42. Bd3 Bd4 43. Bg3 Be5 44. Be1 Bd4 45. Ba5 Be5 46. Bd8 Kd4 47. Bb6+ Kd5 48. a4 Bd4 49. Bd8 Ba1 50. Be7 {Threatens to win with Bf8.} Bg7 51. Bh7 bxa4 52. bxa4 Nc4 53. Bb4 a5 (53... Ne5 $16 {was worth a try.}) 54. Be4+ $18 Ke6 55. Be1 Bf8 $2 {[%mdl 8192] [#] This costs Black the game.} (55... Kd6 $16 {is more resistant.} 56. Kb3 Kc5) 56. Kb3 Nd6 57. Bc6 Nc8 58. Bxa5 Bc5 59. Bc3 Nd6 60. a5 {[%cal Ba4a5,Ba5a6][%mdl 32]} f5 (60... f6 $142 61. Ka4 Bg1) 61. a6 fxg4 62. fxg4 Nc8 63. Kc4 Kd6 64. Bb7 Nb6+ 65. Kb5 Nd7 66. Bg7 (66. Bb4 $142 Bxb4 67. a7 Bc3 68. a8=Q Bd4 69. Qa6+ Ke7 70. Qxh6 Nf6 71. Qg7+ Kd6 72. Qxg5) 66... Ba7 67. Bxh6 Nf6 68. Bf8+ Kc7 69. h6 {White mates.} Nxg4 70. h7 Bd4 71. Bc5 Bh8 72. Bb6+ Kb8 73. Bc6 {Weighted Error Value: White=0.08/Black=0.25} 1-0

[Event "Israel Championship 2021"]
[Site "Haifa"]
[Date "2021.03.15"]
[Round "9.14"]
[White "Ben Artzi, Ido"]
[Black "Aizenberg, Benny"]
[Result "1/2-1/2"]
[WhiteElo "2368"]
[BlackElo "2307"]
[Annotator "TA"]
[PlyCount "96"]
[EventDate "2021.01.10"]
[EventType "swiss"]
[EventCountry "ISR"]
[SourceTitle "playchess.com"]
[Source "ChessBase"]
[SourceQuality "1"]

{[%evp 10,96,42,-14,30,9,20,0,10,21,62,55,76,82,103,57,53,60,60,51,70,12,42,-47,-37,-59,-60,-62,-66,-59,-71,-60,4,4,7,4,4,4,4,4,4,4,4,4,5,0,4,4,4,4,4,4,4,0,4,0,0,0,0,0,9,-8,-8,-15,-15,-61,-61,-61,-61,-106,-93,-97,-86,-91,-71,-71,-72,-71,-8,-8,-8,-12,0,0,8,8,8,8,6]} 1. d4 Nf6 2. c4 g6 3. Nc3 d5 4. Nf3 Bg7 5. cxd5 Nxd5 6. Na4 (6. e4 $14 Nxc3 7. bxc3) 6... Nf6 {6...Bf5 is the modern continuation. D90: Grünfeld: 4 Nf3 Bg7 sidelines.} (6... Bf5 $5 {[%cal Rd5b4]} 7. Nh4 Nc6 $11) 7. Bf4 O-O 8. e3 Nbd7 9. Rc1 c5 10. Nxc5 Nxc5 11. Rxc5 {[#]} Qb6 $146 ({Predecessor:} 11... Ne4 12. Bc7 Qe8 13. Rc1 Be6 14. Bd3 Nd6 15. a4 Rc8 16. O-O Qd7 17. Bxd6 exd6 {0-1 (64) Narciso Dublan,M (2476)-McShane,L (2568) Dos Hermanas 2003}) 12. Rb5 Qa6 13. a3 Bd7 14. Rc5 Qb6 15. Qc1 (15. Qc2 $14) 15... Ne4 $11 16. Bc7 (16. Rc2 $1 $14) 16... Qe6 $1 $15 17. Ng5 Nxg5 18. Rxg5 Rac8 {[#] And now ...Bxd4 would win.} 19. Rc5 $1 Bxd4 20. Bc4 Bxc5 ({Much weaker is} 20... Qe4 $6 21. Bd5 $16) (20... Qg4 $1 $15 21. h3 (21. exd4 b6 $17) 21... Qxg2) 21. Bxe6 $11 Rxc7 22. Bxd7 {0-0 is the strong threat.} Bb4+ $1 23. Ke2 Rxc1 24. Rxc1 {[%mdl 4096] Endgame KRB-KRB} Bd6 25. g3 Be5 26. Rc2 Rd8 27. Bc8 b6 28. Ba6 Kg7 29. b4 Bd6 30. Rc6 h5 31. h4 e6 32. f4 e5 33. Kf3 exf4 34. gxf4 f5 35. e4 fxe4+ 36. Kxe4 Re8+ 37. Kd5 Bxf4 38. Bd3 Rd8+ 39. Kc4 {[#]} Rd6 $1 {[%cal Rd6c6]} 40. Rc7+ Kf6 41. Rxa7 Bg3 42. a4 {[%cal Ba3a4,Ba4a5,Ba5a6][%mdl 32]} Bxh4 43. a5 Bf2 ({Black should play} 43... bxa5 $17 44. bxa5 Bf2) 44. Ra8 $1 {[%cal Ra8f8] Threatens to win with Rf8+.The position is equal.} Kg5 45. Rf8 Rd4+ 46. Kc3 Rf4 47. Rxf4 Kxf4 48. a6 b5 $1 {Weighted Error Value: White=0.13/Black=0.09} 1/2-1/2

[Event "Israel Championship 2021"]
[Site "Haifa"]
[Date "2021.03.15"]
[Round "9.15"]
[White "Katz, Kiril"]
[Black "Parnes, Nadav"]
[Result "1-0"]
[WhiteElo "1957"]
[BlackElo "2273"]
[Annotator "TA"]
[PlyCount "107"]
[EventDate "2021.01.10"]
[EventType "swiss"]
[EventCountry "ISR"]
[SourceTitle "playchess.com"]
[Source "ChessBase"]
[SourceQuality "1"]

{[%evp 15,107,29,33,22,63,73,90,75,96,-4,18,-8,17,-7,-13,-12,-14,-31,0,-27,0,0,0,-14,0,-37,0,0,0,0,0,0,-2,-64,83,-77,79,83,131,128,123,126,145,154,166,164,145,87,87,79,91,82,64,33,212,210,183,125,120,97,918,743,1080,1021,838,676,610,0,0,0,0,0,0,0,0,0,0,0,0,0,5879,10150,4677,1039,5113,3518,29968,29967,29979,29980,29980,29981,29980,29981]} 1. e4 d6 2. d4 Nf6 3. Nc3 g6 4. f4 Bg7 5. Nf3 O-O 6. e5 Nfd7 7. Bc4 Nb6 8. Bb3 Nc6 9. a4 {[%cal Ba2a4,Ba4a5][%mdl 32] B09: Pirc Defence: Austrian Attack.} Bg4 10. a5 Bxf3 11. gxf3 {White is better.} Nd7 {[#]} 12. Ne2 $146 (12. a6 $16) ({Predecessor:} 12. h4 e6 13. h5 Re8 14. Ne4 d5 15. hxg6 fxg6 16. f5 Ndxe5 17. Bg5 Nxf3+ 18. Qxf3 dxe4 {1-0 (24) Shatunov,V-Efimov,I Russia 1991}) 12... e6 $11 {[%cal Rd6e5]} 13. h4 h5 14. c3 Ne7 15. Ng3 d5 16. Be3 Re8 17. Qd3 Nf8 18. Bc2 c6 19. Kd2 Qc7 20. Qe2 b6 21. Qg2 {Hoping for Rhg1.} Nf5 $1 22. Bxf5 exf5 23. Nxf5 gxf5 24. Qg5 f6 (24... Re6 $1 $15 {stays ahead.} 25. Qxf5 Rb8) 25. Qxh5 $2 (25. exf6 $16 {and life is bright. Rhg1 is the strong threat.} Nh7 26. Qxg7+ Qxg7 27. fxg7) 25... Qf7 $2 ({Not} 25... bxa5 26. exf6 Qb7 27. Rac1 $16 (27. fxg7 Qxb2+ 28. Kd3 Ng6 $11)) (25... fxe5 $17 {stays on course.} 26. fxe5 f4 27. Bxf4 Ne6) 26. Qxf5 $16 fxe5 27. Qxf7+ Kxf7 28. fxe5 Ng6 29. h5 {[%mdl 1024] White has strong compensation.} Ne7 30. h6 $36 {[%mdl 2048] White is on the roll.} Bh8 31. Rh5 (31. h7 $142) 31... Rg8 32. Rg5 b5 33. Rag1 Rxg5 34. Rxg5 Rg8 $2 ({Black should play} 34... Rb8 $1 $14) 35. Rxg8 $1 $18 Nxg8 {[#]} 36. h7 $1 {[%cal Rh7g8]} Ne7 37. Bg5 a6 $2 {[%mdl 8192]} (37... Nf5 $16) 38. Bxe7 Kxe7 {[%mdl 4096] Endgame KB-KP} 39. f4 Ke6 40. Kc2 b4 41. Kb3 ({White must play} 41. cxb4 $18 Kf5 42. Kd2) 41... bxc3 $11 42. bxc3 Bg7 43. Kb4 Bf8+ 44. Ka4 Bg7 45. Kb3 Kf5 46. h8=Q (46. Kb4 {looks sharper.} Bf8+ 47. Ka4 Bg7 48. c4 Kg6 49. h8=R) 46... Bxh8 47. Kb4 {Strongly threatening Kc5.} Kxf4 $2 {[%mdl 8192] [#]} (47... Ke6 $11 48. Kc5 Kd7) 48. e6 $1 $18 {[%cal Re6e7]} Bf6 49. Kc5 Ke4 50. Kb6 Kf5 51. Kxa6 {White mates.} c5 52. dxc5 Kxe6 53. Kb7 Bxc3 54. a6 {Weighted Error Value: White=0.28/Black=0.46} 1-0

[Event "Israel Championship 2021"]
[Site "Haifa"]
[Date "2021.03.15"]
[Round "9.16"]
[White "Stolyarsky, Yegor"]
[Black "Kraus, Ohad"]
[Result "0-1"]
[WhiteElo "2063"]
[BlackElo "2363"]
[Annotator "TA"]
[PlyCount "94"]
[EventDate "2021.01.10"]
[EventType "swiss"]
[EventCountry "ISR"]
[SourceTitle "playchess.com"]
[Source "ChessBase"]
[SourceQuality "1"]

{[%evp 16,93,0,0,15,15,31,40,39,22,36,23,52,38,41,37,43,29,40,-83,12,8,16,0,46,6,57,51,58,58,51,43,53,25,35,22,50,52,86,22,66,73,83,40,87,78,90,81,73,67,66,66,66,60,127,91,98,112,124,90,159,159,145,0,0,-10,25,-48,-62,-524,-521,-514,-491,-29996,-29997,-29997,-29998,-29998,-29999,-29999]} 1. d4 Nf6 2. Nf3 g6 3. c4 Bg7 4. g3 O-O 5. Bg2 d6 6. O-O Nbd7 7. Nc3 e5 8. e3 Re8 9. a4 c6 {was the old line (9...a5). E67: King's Indian: Fianchetto: 6...Nbd7.} 10. a5 Qc7 11. b4 {[#]} a6 $146 {White is slightly better.} ({Predecessor:} 11... exd4 12. exd4 Ne4 13. Nxe4 Rxe4 14. Be3 Nf6 15. h3 Re7 16. Qb3 d5 17. c5 Bf5 {0-1 (30) Neuman,P (2413)-Priborsky,I (2331) Pardubice 2006}) 12. Qb3 Nf8 13. Bb2 Bg4 14. Rfc1 Bxf3 15. Bxf3 exd4 16. exd4 Ne6 17. Nd5 cxd5 (17... Nxd5 $17 18. cxd5 Nxd4 19. Bxd4 Bxd4) 18. cxd5 $11 {[%mdl 64] Discovered Attack} Qd7 {Strongly threatening ...Ng5.} 19. dxe6 fxe6 20. Qa4 Qf7 ({Black should try} 20... Qxa4 $11 21. Rxa4 Nd5) 21. b5 $14 axb5 22. Qxb5 d5 23. Re1 Ra6 {[%cal Ba8a6,Ba6c6,Bc6c2][%mdl 32]} 24. Re3 Rea8 25. Kg2 Bf8 26. Bc3 Rc8 27. Rb1 (27. Bb4 $16) 27... Rac6 28. Bb4 Bh6 29. Re5 Rc2 30. Be1 R8c7 31. h4 Bg7 32. Rb3 R2c4 {White should prevent ...Ne4.} 33. a6 bxa6 34. Qxa6 Re7 ({Black should play} 34... R4c6 $14 35. Rb8+ Bf8) 35. Rb8+ Ne8 36. Re2 {And now Bb4 would win.} Bxd4 37. Bd2 Kg7 (37... Bf6 $142) 38. h5 $1 $16 {[%cal Rh5h6]} gxh5 {[#]} 39. Bb4 ({White must play} 39. Bxd5 $1 $16 {[%mdl 512]} exd5 40. Rxe7 Qxe7 41. Qh6+ {[%mdl 64] Double Attack} Kg8 42. Qxh5 {[%mdl 64] Double Attack}) 39... Nc7 $11 40. Qa2 ({Avoid the trap} 40. Qc8 $2 Re8 $19) 40... Re8 {[#]} (40... h4 $5 {[%cal Rh4h3]} 41. Qd2 Re8 42. Qg5+ Qg6 43. Qxg6+ Kxg6 44. Rxe8 Nxe8 45. Rxe6+ Nf6 $11) 41. Rb7 (41. Bxd5 $1 $11 Rxb8 42. Qxc4 Nxd5 43. Qxd4+ Kg8 44. Bd6) 41... h4 $15 {Hoping for ...h3+!} 42. Bd6 $2 {[%mdl 8192] This costs White the game.} (42. Qb3 $1 $15) 42... h3+ $1 $19 {[%mdl 64] Deflection} 43. Kxh3 {Threatens to win with Qxc4!} Qxf3 44. Bxc7 (44. Kh2 $19 Rb8 45. Rxc7+ Rxc7 46. Bxc7) 44... Qh1+ {Black mates.} 45. Kg4 h5+ 46. Kf4 Rf8+ 47. Kg5 Bf6# {Weighted Error Value: White=0.62/Black=0.17} 0-1